Biology of plants

Na minha lista:
Detalhes bibliográficos
Autor principal: Raven, Peter H.
Formato: Livro
Idioma:Undetermined
Publicado em: New York, NY W. H. Freeman 2005
Assuntos:
Tags: Adicionar Tag
Sem tags, seja o primeiro a adicionar uma tag!
Thư viện lưu trữ: Trung tâm Học liệu Trường Đại học Cần Thơ
LEADER 00503nam a2200193Ia 4500
001 CTU_127651
008 210402s9999 xx 000 0 und d
020 |c 1176000 
082 |a 580 
082 |b R253 
100 |a Raven, Peter H. 
245 0 |a Biology of plants 
245 0 |c Peter H Raven, Ray F. Evert, Susan E. Eichhorn 
260 |a New York, NY 
260 |b W. H. Freeman 
260 |c 2005 
650 |a Botany 
904 |i Minh 
980 |a Trung tâm Học liệu Trường Đại học Cần Thơ